Serpent - Culture Générale - Statistiques

Statistiques générales
  • Ce quiz a été pris 14 767 fois
  • Le résultat moyen est 12 sur 20
Statistiques - réponses
Question Réponse % Correct
Partie du corps que les serpents doivent renouveler ou remplacer de temps en temps "Peau"
87%
L'une des quatre maisons de l'école de Poudlard utilisant le serpent pour emblème Serpentard
84%
Figure de la mythologie grecque qui possède une chevelure formée de serpents Méduse
83%
↳Nom attribué à ce phénomène Mue
83%
Pays possédant 5 des 10 espèces de serpents les plus venimeuses Australie
82%
Type de serpent le plus lourd, pouvant atteindre 250 kg Anaconda vert
79%
Serpent venimeux le plus long, pouvant se dresser jusqu'à 1,8 m du sol en posture d'intimidation Cobra royal
76%
Familles de poissons, semblables physiquement aux serpents, en raison de leur absence de nageoires Murènes | Anguilles
76%
Avec quelle partie de leur corps les serpents sentent-ils les odeurs? Leur langue
74%
Personne qui impressionne les passants en paraissant contrôler le comportement d'un serpent à l'aide des sons de son "pungi", instrument semblable à une clarinette {Charmeur} de serpents
68%
Dans quelle astrologie le serpent arrive-t-il sixième? Astrologie {chinoise}
65%
Type de serpent le plus long, mesurant jusqu'à 10 m Python réticulé
62%
Personnage fictif possédant un serpent du nom de Nagini Lord Voldemort
58%
Terme utilisé pour désigner les serpents qui enroulent leur corps autour de leur proie afin de l'étouffer Constricteur
54%
Pays comptant le plus de décès causés par des morsures de serpents Inde
54%
Comment se nomme le serpent qui hypnotise Mowgli dans Le Livre de la jungle? Kaa
41%
Personnalité historique, qui se serait enlevée la vie en se laissant mordre par un aspic Cléopâtre VII
40%
Véritable nom du serpent communément appelé "serpent à sonnette" Crotale
33%
Selon la légende, qui aurait chassé tous les serpents de l'Irlande? Saint Patrick
25%
Jeux de société consistant à déplacer des jetons sur un tableau de cases à l'aide d'un dé, en évitant les cases où se trouve un serpent, sous peine de devoir redescendre... Serpents et échelles
15%
Aucun quiz correspondant
Distribution des résultats
% des personnes avec chaque résultat
Percentile par nombre de réponses
Votre historique - résultats
Vous n’avez pas pris ce quiz